| 000 | 00629nam a2200169Ia 4500 | ||
|---|---|---|---|
| 008 | 180921t2018 xxu||||| |||| 00| 0 sin d | ||
| 041 | _asin | ||
| 080 |
_a8-31 _bජේම්ස් |
||
| 100 | _aජේම්ස්, පී.ඩී | ||
| 245 | _aඇගේ මුහුණ වසන්න ( මාර්ටින්ගල් අභිරහස ) | ||
| 260 |
_bස්ටැම්ෆර්ඩ් ලේක් _aපන්නිපිටිය _c2018 |
||
| 300 | _aසෙ.මි.21, පි.206 | ||
| 700 |
_aඅනුල ද සිල්වා _eපරි. |
||
| 942 | _cBK | ||
| 999 |
_c10703 _d10703 |
||
| 003 | LK-CoDNM | ||
| 040 |
_aLK-CoDNM _dLK-CoDNM _eLK-CoDNM |
||